000 00440nam a2200181Ia 4500
001 11162
005 20260306161926.0
008 260306t1956||||xx |||||||||||||| ||spa||
041 _aESP
082 _a985.01
_bH83
100 _aGuaman Poma de Ayala, Felipe
_eAUT
245 0 _aLa nueva crónica y buen gobierno
260 _c1956
300 _a520 páginas :
_c24 cm.
650 _aGEN
654 _aCHU
942 _cLIB
_dJUS
_fJUS
_2ddc
_n
999 _c11162
_d11162